H.G. Schauer : literární studie /

Hlavní autor: Hartl, Antonín, 1885-1944
Další autoři: Schauer, Hubert Gordon, 1862-1892
Jazyk: Čeština
Vydáno: V Praze : Pokroková revue, 1913
Edice: Knihovna Pokrokové revue (Pokroková revue)
Externí odkaz: Digitalizovaný dokument
Fyzický popis: 64 s. ; 19 cm
Knihy
Uloženo v:
LEADER 01026nam a22002652a 4500
001 000287898
003 CZ BrMZK
005 20130222131122.0
007 ta
008 980105s1913 xr f cze d
015 |a cnb001002074 
035 |a (OCoLC)84283307 
040 |a ABA001  |b cze  |c OSA001  |d ABA001 
100 1 |a Hartl, Antonín,  |d 1885-1944  |7 jk01040037  |4 aut 
245 1 0 |a H.G. Schauer :  |b literární studie /  |c napsal Antonín Hartl 
260 |a V Praze :  |b Pokroková revue,  |c 1913 
300 |a 64 s. ;  |c 19 cm 
490 1 |a Knihovna Pokrokové revue ;  |v sv. 1 
500 |a Otisk v nutné úpravě studie ze VII. roč. Pokroková revue jako příspěvek k loňskému 50. výročí narozenin a 20. úmrtí 
700 1 |a Schauer, Hubert Gordon,  |d 1862-1892  |7 jk01110855  |4 oth 
830 0 |a Knihovna Pokrokové revue (Pokroková revue) 
856 4 1 |u http://www.digitalniknihovna.cz/mzk/uuid/uuid:fdd3b600-7f14-11e2-aa68-005056827e51  |y Digitalizovaný dokument  |x NDK 
910 |a BOA001  |b 1-0041.591,1 
990 |a BK 
991 |b 201302